| 000 | | | 03828nmc2a22002413x 450 |
| 001 | | | 82507c94-638b-4310-ab44-663ec4a63780 |
| 005 | | | 20211223195749.0 |
| 100 | ## | $a | 20210730l18861892k l0rusy0189 ca |
| 101 | 0# | $a | rus |
| 102 | ## | $a | RU |
| 105 | ## | $a | y### |
| 122 | 2# | $a | d |
| 200 | 1# | $a | Дело о рекомендации учебника Священной Истории доктора Шустера, переведенной с немецкого языка на русский господином Гезеном, в качестве учебного руководства во всех учебных заведениях ведомства Министерства народного просвещения |
| | $j | 9 апреля 1886 г. - 22 февраля 1892 г. |
| 215 | ## | $a | 53 л. |
| | $d | 36,5х26 см |
| 251 | ## | $c | Дело |
| 300 | ## | $a | Дело |
| 371 | ## | $a | Документ не является опубликованным и широко распространяемым |
| 461 | #0 | $1 | 001a74412a3-3cc5-4d21-8f0a-dfe2fbd9e72d |
| | $1 | 2001 |
| | $a | Департамент народного просвещения Министерства народного просвещения (1803-1917) |
| | $1 | 251 |
| | $c | Фонд |
| | $1 | 852 |
| | $j | 733 |
| 462 | #0 | $1 | 001b33464f2-4bc4-41e3-b4bc-525e855f0eb0 |
| | $1 | 2001 |
| | $a | Дела разряда общих дел Министерства народного просвещения |
| | $1 | 251 |
| | $c | Опись |
| | $1 | 852 |
| | $j | 194 |
| 801 | #0 | $a | RU |
| | $b | РГИА |
| | $c | 20210730 |
| | $g | RCR |
| 801 | #1 | $a | RU |
| | $b | ГлавНИВЦ |
| | $c | 20210730 |
| | $2 | rusmarc |
| 801 | #2 | $a | RU |
| | $b | ПБ им. Б.Н. Ельцина |
| | $c | 20211223 |
| | $g | RCR |
| | $2 | rusmarc |
| 850 | ## | $a | РГИА |
| 852 | ## | $a | РГИА |
| | $e | Федеральное казенное учреждение "Российский государственный исторический архив" (РГИА) |
| | $j | 663 |
| 937 | ## | $h | РГИА |
| | $d | 12369429 |
| | $a | ASBIBLIO_SCAN |
| 035 | ## | $a | RusGRCC00034030 |
| 856 | ## | $u | http://readingroom.main.prlib.ru/item.aspx?id_node=n172062669&mode=full |